Alle Stationen der Linie S8 (NRW) - Statistiken

Allgemein
  • Dieses Quiz wurde 46 mal gespielt
  • Das Durchschnittsergebnis liegt bei 22 aus 38
Antwortstatistiken
Station % Korrekt
Düsseldorf Hbf
100%
Mönchengladbach Hbf
100%
Düsseldorf Bilk
87%
Neuss Hbf
87%
Wuppertal Hbf
83%
Hagen Hbf
78%
Wuppertal Oberbarmen
78%
Düsseldorf Hamm
74%
Neuss Am Kaiser
74%
Wuppertal Barmen
74%
Düsseldorf Friedrichstadt
70%
Wuppertal Unterbarmen
70%
Düsseldorf Flingern
65%
Düsseldorf Völklinger Str
65%
Erkrath
65%
Korschenbroich
65%
Neuss Rheinpark-Center
65%
Wuppertal Vohwinkel
65%
Büttgen
61%
Düsseldorf Gerresheim
57%
Kleinenbroich
57%
Mönchengladbach Lürrip
57%
Schwelm
52%
Wuppertal Zoologischer Garten
52%
Hochdahl
48%
Wuppertal Sonnborn
48%
Gevelsberg Hbf
43%
Gruiten
43%
Hochdahl-Millrath
39%
Wuppertal Langerfeld
39%
Wuppertal Steinbeck
39%
Gevelsberg West
35%
Gevelsberg Kipp
30%
Schwelm West
30%
Gevelsberg Knapp
22%
Hagen Westerbauer
22%
Hagen Heubing
13%
Hagen Wehringhausen
13%
Keine übereinstimmenden Quizze gefunden
Verteilung der Resultate
Anzahl Personen mit jedem Resultat
Perzentil nach korrekt beantworteten Fragen
Ihre Resultats-Entwicklung
Sie haben dieses Quiz noch nicht gespielt